香港历任行政长官Chief Executive of Hong Kong - Statistics

General Stats
  • This quiz has been taken 14 times
  • The average score is 4 of 5
Answer Stats
任次 任期 行政长官 % Correct
5 2017-2022 林郑月娥
86%
6 2022至今 李家超
86%
1-2 1997-2002 董建华
79%
4 2012-2017 梁振英
57%
2(补选)-3 2007-2012 曾荫权
50%
No matching quizzes found
Score Distribution
Percent of People with Each Score
Percentile by Number Answered
Your Score History
You have not taken this quiz